01436nam a2200217Ia 4500001059200000002005000592008003700642010001100679530002200690583002600712650007300738650004700811650005700858650006700915700005100982700005101033700004601084700005001130942001901180999001901199IA_So are wont, development and analyzed the feasibility of carrying out the investment project for the creation of the malting plant in the municipality of Tlaxco, Tlaxcala for the trial of six thousand tons of malt at full capacity, which results obtained show an Internal Rate of Return for the project of 23% and Net Present Value of 96,565,389.00 which indicate that the project is viable, likewise, the investment has a payback period of 5.27 years and a benefit-cost ratio of 1.33. According to the above is determined that the project is economically viable and feasible to develop.ESTUDIO DE FACTIBILIDAD TECNICO-ECONOMICA PARA LA220117s xx 000 0 und d a184513 aDisponible en PDF a1 ej. imp. ; 2 ej. CD 0aCebada cerveceraxIndustria y comerciozMéxicozTlaxcala 9157188 0aEntrepreneurshipzMexicozTlaxcala9157189 0aIniciativa empresarialzMéxicozTlaxcala 9157190 0aMalting barleyxIndustry and tradezMexicozTlaxcala 9157191 aAltamirano Cárdenas, J. Reyes, dir. 9157192 aSánchez González, Ricardo, coaut. 9157193 aSandoval Romero, Fermín, asesor9163717 aSantoyo Cortés, V. Horacio, asesor 9163718 cTESIS C47 2012 c184513d184513